[Event "45th FIDE Chess Olympiad Open"]
[Site "Budapest, Hungary"]
[Date "2024.09.20"]
[Round "9"]
[White "Bodemar, Jonathan"]
[Black "Boggiano Pereira, Miguel A."]
[Result "1/2-1/2"]
[Board "211"]
[WhiteFideId "6205488"]
[BlackFideId "3102750"]
[BlackTitle "CM"]
[WhiteElo "2195"]
[BlackElo "2015"]
[WhiteTeam "Thailand"]
[BlackTeam "Puerto Rico"]
[WhiteClock "0:00:45"]
[BlackClock "0:06:40"]
[Variant "Standard"]

1. e4 {[%clk 1:30:57]}  c5 {[%clk 1:30:51]} 2. Nf3 {[%clk 1:31:12]}  d6 {[%clk 1:31:15]} 3. d4 {[%clk 1:31:36]}  cxd4 {[%clk 1:31:41]} 4. Nxd4 {[%clk 1:32:01]}  Nf6 {[%clk 1:32:03]} 5. Nc3 {[%clk 1:32:24]}  a6 {[%clk 1:32:30]} 6. f3 {[%clk 1:32:33]}  e5 {[%clk 1:32:34]} 7. Nb3 {[%clk 1:32:49]}  Be6 {[%clk 1:32:49]} 8. Be3 {[%clk 1:33:00]}  Be7 {[%clk 1:32:53]} 9. Qd2 {[%clk 1:31:32]}  h5 {[%clk 1:33:03]} 10. O-O-O {[%clk 1:31:19]}  Nbd7 {[%clk 1:32:38]} 11. h3 {[%clk 1:29:04]}  b5 {[%clk 1:17:33]} 12. Bd3 {[%clk 1:25:03]}  h4 {[%clk 1:12:33]} 13. f4 {[%clk 1:15:08]}  Rc8 {[%clk 1:12:11]} 14. Kb1 {[%clk 1:13:52]}  Nb6 {[%clk 1:02:27]} 15. Qf2 {[%clk 1:02:33]}  Nfd7 {[%clk 0:59:26]} 16. fxe5 {[%clk 0:53:56]}  dxe5 {[%clk 0:59:37]} 17. Nd5 {[%clk 0:54:09]}  Nc4 {[%clk 0:47:07]} 18. Bxc4 {[%clk 0:35:07]}  bxc4 {[%clk 0:47:10]} 19. Nd2 {[%clk 0:32:21]}  Qa5 {[%clk 0:40:39]} 20. Rhf1 {[%clk 0:16:59]}  Bd8 {[%clk 0:35:35]} 21. Nf3 {[%clk 0:15:16]}  c3 {[%clk 0:29:04]} 22. b3 {[%clk 0:14:02]}  f5 {[%clk 0:24:32]} 23. Ng5 {[%clk 0:09:45]}  Bxg5 {[%clk 0:23:39]} 24. Bxg5 {[%clk 0:10:06]}  fxe4 {[%clk 0:19:14]} 25. Nxc3 {[%clk 0:09:36]}  Qxc3 {[%clk 0:18:08]} 26. Rd6 {[%clk 0:09:56]}  Bc4 {[%clk 0:13:43]} 27. Qa7 {[%clk 0:08:36]}  Bxf1 {[%clk 0:05:38]} 28. Qxd7+ {[%clk 0:05:06]}  Kf8 {[%clk 0:06:01]} 29. Qf5+ {[%clk 0:01:05]}  Kg8 {[%clk 0:05:03]} 30. Qe6+ {[%clk 0:00:54]}  Kh7 {[%clk 0:05:20]} 31. Qg6+ {[%clk 0:01:15]}  Kg8 {[%clk 0:05:38]} 32. Qe6+ {[%clk 0:00:47]}  Kh7 {[%clk 0:06:01]} 33. Qf5+ {[%clk 0:00:44]}  Kg8 {[%clk 0:06:20]} 34. Qe6+ {[%clk 0:00:45]}  Kh7 {[%clk 0:06:40]} 1/2-1/2

[Event "45th FIDE Chess Olympiad Open"]
[Site "Budapest, Hungary"]
[Date "2024.09.20"]
[Round "9"]
[White "Mejias Nunez, Rafael E."]
[Black "Arunnuntapanich, Tinnakrit"]
[Result "1-0"]
[Board "212"]
[WhiteFideId "3105873"]
[BlackFideId "6202039"]
[WhiteTitle "CM"]
[BlackTitle "FM"]
[WhiteElo "2026"]
[BlackElo "2064"]
[WhiteTeam "Puerto Rico"]
[BlackTeam "Thailand"]
[WhiteClock "0:37:49"]
[BlackClock "0:06:08"]
[Variant "Standard"]

1. e4 {[%clk 1:30:53]}  c5 {[%clk 1:30:56]} 2. Nf3 {[%clk 1:31:08]}  e6 {[%clk 1:31:21]} 3. d4 {[%clk 1:31:30]}  cxd4 {[%clk 1:31:45]} 4. Nxd4 {[%clk 1:31:53]}  Nf6 {[%clk 1:32:12]} 5. Nc3 {[%clk 1:32:10]}  Nc6 {[%clk 1:32:16]} 6. a3 {[%clk 1:31:46]}  d5 {[%clk 1:32:30]} 7. exd5 {[%clk 1:30:57]}  Nxd5 {[%clk 1:32:30]} 8. Nxd5 {[%clk 1:29:19]}  Qxd5 {[%clk 1:31:22]} 9. Nxc6 {[%clk 1:26:06]}  Qxd1+ {[%clk 1:28:24]} 10. Kxd1 {[%clk 1:26:24]}  bxc6 {[%clk 1:28:52]} 11. Be3 {[%clk 1:24:54]}  Bd6 {[%clk 1:23:06]} 12. Bc4 {[%clk 1:16:48]}  a5 {[%clk 1:15:39]} 13. Ke2 {[%clk 1:12:13]}  Ke7 {[%clk 1:07:55]} 14. Rhd1 {[%clk 1:06:18]}  a4 {[%clk 0:54:53]} 15. Rd2 {[%clk 0:58:58]}  Ra5 {[%clk 0:47:06]} 16. Rad1 {[%clk 0:53:04]}  Bc7 {[%clk 0:44:38]} 17. h3 {[%clk 0:47:41]}  f6 {[%clk 0:34:36]} 18. b4 {[%clk 0:40:51]}  axb3 {[%clk 0:33:37]} 19. cxb3 {[%clk 0:41:11]}  f5 {[%clk 0:22:31]} 20. Bg5+ {[%clk 0:27:54]}  Kf7 {[%clk 0:22:52]} 21. Bd8 {[%clk 0:27:25]}  Bxd8 {[%clk 0:18:11]} 22. Rxd8 {[%clk 0:27:13]}  Rxd8 {[%clk 0:18:36]} 23. Rxd8 {[%clk 0:27:36]}  Ba6 {[%clk 0:18:42]} 24. Bxa6 {[%clk 0:26:09]}  Rxa6 {[%clk 0:19:10]} 25. a4 {[%clk 0:26:28]}  Rb6 {[%clk 0:19:22]} 26. Rd3 {[%clk 0:26:14]}  Ke7 {[%clk 0:18:34]} 27. Kd2 {[%clk 0:26:35]}  e5 {[%clk 0:15:13]} 28. Kc3 {[%clk 0:26:30]}  e4 {[%clk 0:15:02]} 29. Rd2 {[%clk 0:25:44]}  Rb8 {[%clk 0:12:41]} 30. b4 {[%clk 0:25:06]}  Ke6 {[%clk 0:10:33]} 31. Kc4 {[%clk 0:25:15]}  g5 {[%clk 0:09:20]} 32. a5 {[%clk 0:25:11]}  h5 {[%clk 0:06:46]} 33. a6 {[%clk 0:25:18]}  Ra8 {[%clk 0:07:13]} 34. Ra2 {[%clk 0:25:43]}  Kd6 {[%clk 0:07:11]} 35. Kd4 {[%clk 0:24:52]}  Ra7 {[%clk 0:04:59]} 36. Ra5 {[%clk 0:22:45]}  h4 {[%clk 0:03:08]} 37. Ra3 {[%clk 0:22:45]}  Ra8 {[%clk 0:01:47]} 38. a7 {[%clk 0:22:57]}  Kc7 {[%clk 0:01:03]} 39. Ke5 {[%clk 0:23:08]}  Kb6 {[%clk 0:01:10]} 40. Kxf5 {[%clk 0:22:47]}  Kb5 {[%clk 0:01:37]} 41. Kxg5 {[%clk 0:20:53]}  Kxb4 {[%clk 0:02:03]} 42. Re3 {[%clk 0:21:14]}  c5 {[%clk 0:23:39]} 43. Rxe4+ {[%clk 0:51:29]}  c4 {[%clk 0:24:07]} 44. f4 {[%clk 0:50:02]}  Kc3 {[%clk 0:20:28]} 45. f5 {[%clk 0:49:53]}  Kd3 {[%clk 0:20:45]} 46. Rf4 {[%clk 0:39:24]}  c3 {[%clk 0:20:47]} 47. Kxh4 {[%clk 0:39:32]}  c2 {[%clk 0:20:55]} 48. Rf1 {[%clk 0:39:45]}  Rxa7 {[%clk 0:13:25]} 49. g4 {[%clk 0:39:32]}  Rh7+ {[%clk 0:09:50]} 50. Kg5 {[%clk 0:38:39]}  Rxh3 {[%clk 0:07:24]} 51. f6 {[%clk 0:38:57]}  Ke2 {[%clk 0:06:59]} 52. Rc1 {[%clk 0:37:57]}  Kd2 {[%clk 0:07:15]} 53. Rxc2+ {[%clk 0:36:57]}  Kxc2 {[%clk 0:07:41]} 54. f7 {[%clk 0:36:56]}  Rf3 {[%clk 0:08:02]} 55. Kg6 {[%clk 0:37:20]}  Kd3 {[%clk 0:08:23]} 56. g5 {[%clk 0:37:05]}  Ke4 {[%clk 0:07:53]} 57. Kg7 {[%clk 0:37:30]}  Ke5 {[%clk 0:06:08]} 58. g6 {[%clk 0:37:49]} 1-0

[Event "45th FIDE Chess Olympiad Open"]
[Site "Budapest, Hungary"]
[Date "2024.09.20"]
[Round "9"]
[White "Liyanage, Ranindu Dilshan"]
[Black "Saraci, Nderim"]
[Result "1-0"]
[Board "213"]
[WhiteFideId "9915834"]
[BlackFideId "6351921"]
[WhiteTitle "IM"]
[BlackTitle "IM"]
[WhiteElo "2366"]
[BlackElo "2446"]
[WhiteTeam "Sri Lanka"]
[BlackTeam "Kosovo"]
[WhiteClock "0:01:56"]
[BlackClock "0:03:04"]
[Variant "Standard"]

1. e4 {[%clk 1:30:34]}  e5 {[%clk 1:29:43]} 2. Nf3 {[%clk 1:30:47]}  Nc6 {[%clk 1:30:01]} 3. Bc4 {[%clk 1:30:30]}  Bc5 {[%clk 1:27:17]} 4. c3 {[%clk 1:30:35]}  Nf6 {[%clk 1:27:23]} 5. d3 {[%clk 1:30:53]}  a6 {[%clk 1:24:24]} 6. a4 {[%clk 1:30:37]}  d6 {[%clk 1:22:22]} 7. Bg5 {[%clk 1:30:39]}  Ba7 {[%clk 1:21:46]} 8. Nbd2 {[%clk 1:30:01]}  Qe7 {[%clk 1:17:01]} 9. O-O {[%clk 1:29:28]}  h6 {[%clk 1:12:54]} 10. Bh4 {[%clk 1:26:26]}  g5 {[%clk 1:10:27]} 11. Bg3 {[%clk 1:26:49]}  Bg4 {[%clk 1:05:09]} 12. h3 {[%clk 1:26:20]}  Be6 {[%clk 1:05:01]} 13. b4 {[%clk 1:22:26]}  Bxc4 {[%clk 0:53:54]} 14. Nxc4 {[%clk 1:22:09]}  Qe6 {[%clk 0:54:00]} 15. Re1 {[%clk 1:09:20]}  Ne7 {[%clk 0:50:19]} 16. Rb1 {[%clk 0:55:40]}  Nh5 {[%clk 0:38:02]} 17. Nd4 {[%clk 0:41:33]}  Qg6 {[%clk 0:32:32]} 18. Nf5 {[%clk 0:40:22]}  Nxg3 {[%clk 0:32:24]} 19. Nxg3 {[%clk 0:40:44]}  O-O {[%clk 0:27:50]} 20. d4 {[%clk 0:36:46]}  exd4 {[%clk 0:27:00]} 21. cxd4 {[%clk 0:36:55]}  f5 {[%clk 0:26:16]} 22. e5 {[%clk 0:32:24]}  d5 {[%clk 0:25:21]} 23. Na5 {[%clk 0:31:23]}  g4 {[%clk 0:20:35]} 24. hxg4 {[%clk 0:27:31]}  fxg4 {[%clk 0:20:42]} 25. Rc1 {[%clk 0:26:39]}  Nf5 {[%clk 0:13:31]} 26. Qd3 {[%clk 0:23:36]}  Qg5 {[%clk 0:09:31]} 27. Rxc7 {[%clk 0:19:52]}  Qf4 {[%clk 0:01:17]} 28. Nb3 {[%clk 0:14:26]}  Bxd4 {[%clk 0:00:49]} 29. Nxd4 {[%clk 0:14:20]}  Qxd4 {[%clk 0:01:18]} 30. Qxd4 {[%clk 0:10:55]}  Nxd4 {[%clk 0:01:46]} 31. Rd1 {[%clk 0:09:55]}  Ne6 {[%clk 0:01:32]} 32. Rxb7 {[%clk 0:07:31]}  Rab8 {[%clk 0:01:24]} 33. Ra7 {[%clk 0:06:21]}  Rxb4 {[%clk 0:01:22]} 34. Nh5 {[%clk 0:04:02]}  Rf7 {[%clk 0:01:16]} 35. Nf6+ {[%clk 0:04:16]}  Kg7 {[%clk 0:01:43]} 36. Rxa6 {[%clk 0:04:39]}  Nf4 {[%clk 0:01:42]} 37. Ra8 {[%clk 0:02:25]}  h5 {[%clk 0:01:41]} 38. Kh2 {[%clk 0:02:12]}  Rb2 {[%clk 0:01:26]} 39. Kg3 {[%clk 0:01:50]}  Rb4 {[%clk 0:00:45]} 40. Rh1 {[%clk 0:00:40]}  Kg6 {[%clk 0:00:44]} 41. Rd1 {[%clk 0:21:40]}  Kf5 {[%clk 0:20:13]} 42. Rh8 {[%clk 0:15:24]}  Kxe5 {[%clk 0:07:57]} 43. Nxd5 {[%clk 0:13:00]}  Rb3+ {[%clk 0:05:28]} 44. Ne3 {[%clk 0:10:30]}  Ne2+ {[%clk 0:04:54]} 45. Kh4 {[%clk 0:10:16]}  Nf4 {[%clk 0:01:40]} 46. Re8+ {[%clk 0:08:20]}  Kf6 {[%clk 0:02:00]} 47. Nd5+ {[%clk 0:08:02]}  Nxd5 {[%clk 0:02:06]} 48. Rxd5 {[%clk 0:08:27]}  Rb2 {[%clk 0:01:49]} 49. Rxh5 {[%clk 0:07:05]}  Rxf2 {[%clk 0:02:10]} 50. Kg3 {[%clk 0:07:09]}  Ra2 {[%clk 0:02:01]} 51. Re4 {[%clk 0:04:45]}  Ra7 {[%clk 0:01:40]} 52. Rf4+ {[%clk 0:04:31]}  Ke6 {[%clk 0:01:02]} 53. Rh6+ {[%clk 0:04:12]}  Ke5 {[%clk 0:01:31]} 54. Rh5+ {[%clk 0:04:09]}  Ke6 {[%clk 0:01:58]} 55. Rh6+ {[%clk 0:04:33]}  Ke5 {[%clk 0:02:27]} 56. Rxg4 {[%clk 0:04:35]}  Ra3+ {[%clk 0:01:17]} 57. Kh4 {[%clk 0:04:37]}  R3xa4 {[%clk 0:01:41]} 58. Rxa4 {[%clk 0:04:18]}  Rxa4+ {[%clk 0:02:10]} 59. Kg5 {[%clk 0:04:17]}  Ra8 {[%clk 0:01:01]} 60. g4 {[%clk 0:03:57]}  Rg8 {[%clk 0:01:23]} 61. Rg6 {[%clk 0:03:06]}  Rh8 {[%clk 0:01:47]} 62. Ra6 {[%clk 0:03:11]}  Rg8 {[%clk 0:02:05]} 63. Kh5 {[%clk 0:03:01]}  Rh8 {[%clk 0:01:25]} 64. Rh6 {[%clk 0:03:12]}  Rf8 {[%clk 0:01:47]} 65. g5 {[%clk 0:02:40]}  Kf5 {[%clk 0:02:05]} 66. Rh7 {[%clk 0:02:58]}  Rg8 {[%clk 0:02:04]} 67. Rf7+ {[%clk 0:03:06]}  Ke6 {[%clk 0:02:32]} 68. Rf2 {[%clk 0:02:57]}  Ke7 {[%clk 0:02:02]} 69. Kh6 {[%clk 0:02:46]}  Rh8+ {[%clk 0:01:26]} 70. Kg7 {[%clk 0:03:08]}  Rh1 {[%clk 0:01:51]} 71. Re2+ {[%clk 0:03:22]}  Kd7 {[%clk 0:02:15]} 72. g6 {[%clk 0:03:43]}  Rh3 {[%clk 0:02:38]} 73. Kg8 {[%clk 0:02:49]}  Rh1 {[%clk 0:02:52]} 74. g7 {[%clk 0:02:36]}  Kd6 {[%clk 0:03:11]} 75. Re4 {[%clk 0:02:03]}  Rh2 {[%clk 0:01:57]} 76. Kf7 {[%clk 0:01:32]}  Rf2+ {[%clk 0:02:20]} 77. Kg6 {[%clk 0:01:36]}  Rg2 {[%clk 0:02:45]} 78. Kf6 {[%clk 0:01:53]}  Kd7 {[%clk 0:03:04]} 79. Re5 {[%clk 0:01:56]} 1-0

[Event "45th FIDE Chess Olympiad Open"]
[Site "Budapest, Hungary"]
[Date "2024.09.20"]
[Round "9"]
[White "Ondozi, Murtez"]
[Black "Amarathunga, Kosala Sandeepa Chamikara"]
[Result "1-0"]
[Board "214"]
[WhiteFideId "937576"]
[BlackFideId "29970954"]
[WhiteTitle "FM"]
[WhiteElo "2371"]
[BlackElo "1956"]
[WhiteTeam "Kosovo"]
[BlackTeam "Sri Lanka"]
[WhiteClock "1:02:14"]
[BlackClock "0:02:37"]
[Variant "Standard"]

1. d4 {[%clk 1:30:57]}  Nf6 {[%clk 1:30:33]} 2. c4 {[%clk 1:31:22]}  e6 {[%clk 1:30:09]} 3. Nf3 {[%clk 1:31:48]}  d5 {[%clk 1:28:45]} 4. Nc3 {[%clk 1:32:05]}  Nbd7 {[%clk 1:27:03]} 5. cxd5 {[%clk 1:30:47]}  exd5 {[%clk 1:27:15]} 6. Bf4 {[%clk 1:29:41]}  Bb4 {[%clk 1:27:06]} 7. Qb3 {[%clk 1:29:35]}  c5 {[%clk 1:14:21]} 8. dxc5 {[%clk 1:28:22]}  Qa5 {[%clk 1:12:28]} 9. a3 {[%clk 1:27:49]}  Bxc3+ {[%clk 1:12:30]} 10. Qxc3 {[%clk 1:27:29]}  Qxc3+ {[%clk 1:12:37]} 11. bxc3 {[%clk 1:27:54]}  Nxc5 {[%clk 1:12:44]} 12. e3 {[%clk 1:25:39]}  a6 {[%clk 1:03:53]} 13. Be5 {[%clk 1:22:23]}  Be6 {[%clk 0:51:02]} 14. a4 {[%clk 1:15:19]}  O-O {[%clk 0:49:03]} 15. Be2 {[%clk 1:14:25]}  Nfe4 {[%clk 0:43:03]} 16. a5 {[%clk 1:12:26]}  Rfc8 {[%clk 0:39:56]} 17. Ra3 {[%clk 1:12:21]}  f6 {[%clk 0:39:01]} 18. Bd4 {[%clk 1:12:44]}  Nd6 {[%clk 0:39:16]} 19. Nd2 {[%clk 1:01:00]}  Rc7 {[%clk 0:37:05]} 20. O-O {[%clk 0:59:52]}  Rac8 {[%clk 0:37:15]} 21. f3 {[%clk 0:56:38]}  Bf5 {[%clk 0:31:31]} 22. c4 {[%clk 0:53:15]}  dxc4 {[%clk 0:29:02]} 23. Bxc4+ {[%clk 0:53:38]}  Nxc4 {[%clk 0:28:31]} 24. Nxc4 {[%clk 0:54:06]}  Bd3 {[%clk 0:28:40]} 25. Rc1 {[%clk 0:54:12]}  Bxc4 {[%clk 0:28:51]} 26. Rxc4 {[%clk 0:54:36]}  Ne6 {[%clk 0:29:07]} 27. Rxc7 {[%clk 0:54:56]}  Rxc7 {[%clk 0:29:35]} 28. Bb6 {[%clk 0:55:20]}  Rd7 {[%clk 0:28:41]} 29. Rc3 {[%clk 0:55:30]}  Kf7 {[%clk 0:28:09]} 30. Rc2 {[%clk 0:55:00]}  Nf8 {[%clk 0:28:20]} 31. Rc8 {[%clk 0:55:06]}  Ng6 {[%clk 0:28:36]} 32. e4 {[%clk 0:52:39]}  Ne5 {[%clk 0:27:06]} 33. Kf1 {[%clk 0:49:41]}  Nc6 {[%clk 0:27:24]} 34. Ke2 {[%clk 0:49:47]}  Ne7 {[%clk 0:22:42]} 35. Ra8 {[%clk 0:47:53]}  Nc6 {[%clk 0:21:29]} 36. g4 {[%clk 0:47:30]}  Ke6 {[%clk 0:21:02]} 37. Re8+ {[%clk 0:47:46]}  Kf7 {[%clk 0:21:27]} 38. Rc8 {[%clk 0:48:09]}  Ne7 {[%clk 0:21:25]} 39. Ra8 {[%clk 0:48:34]}  Ke6 {[%clk 0:20:40]} 40. f4 {[%clk 0:46:56]}  Nc6 {[%clk 0:04:29]} 41. Rc8 {[%clk 0:45:47]}  g6 {[%clk 0:26:38]} 42. f5+ {[%clk 1:14:32]}  Kf7 {[%clk 0:21:56]} 43. h3 {[%clk 1:13:24]}  Ne5 {[%clk 0:13:01]} 44. Rc7 {[%clk 1:06:07]}  Ke7 {[%clk 0:12:17]} 45. Bc5+ {[%clk 1:01:31]}  Kd8 {[%clk 0:05:34]} 46. Rxd7+ {[%clk 1:01:40]}  Kxd7 {[%clk 0:06:03]} 47. Bd4 {[%clk 1:02:02]}  Kd6 {[%clk 0:06:20]} 48. Bxe5+ {[%clk 1:00:45]}  Kxe5 {[%clk 0:06:36]} 49. Ke3 {[%clk 1:01:06]}  gxf5 {[%clk 0:06:48]} 50. gxf5 {[%clk 1:01:27]}  h6 {[%clk 0:06:57]} 51. Kd3 {[%clk 1:01:23]}  h5 {[%clk 0:05:20]} 52. h4 {[%clk 1:00:04]}  Kf4 {[%clk 0:05:28]} 53. Kd4 {[%clk 1:00:30]}  Kg4 {[%clk 0:05:36]} 54. Kd5 {[%clk 1:00:56]}  Kxh4 {[%clk 0:01:14]} 55. e5 {[%clk 1:00:14]}  Kg3 {[%clk 0:01:00]} 56. exf6 {[%clk 1:00:28]}  h4 {[%clk 0:01:27]} 57. f7 {[%clk 1:00:53]}  h3 {[%clk 0:01:55]} 58. f8=Q {[%clk 1:01:18]}  h2 {[%clk 0:02:12]} 59. Qd6+ {[%clk 1:01:45]}  Kg2 {[%clk 0:02:37]} 60. Qxh2+ {[%clk 1:02:14]} 1-0

[Event "45th FIDE Chess Olympiad Open"]
[Site "Budapest, Hungary"]
[Date "2024.09.20"]
[Round "9"]
[White "Kodithuwakku, K K Dinujaya"]
[Black "Uruci, Endrit"]
[Result "0-1"]
[Board "215"]
[WhiteFideId "9998845"]
[BlackFideId "22100199"]
[BlackTitle "FM"]
[WhiteElo "1827"]
[BlackElo "2348"]
[WhiteTeam "Sri Lanka"]
[BlackTeam "Kosovo"]
[WhiteClock "0:19:04"]
[BlackClock "0:30:17"]
[Variant "Standard"]

1. d4 {[%clk 1:30:56]}  Nf6 {[%clk 1:30:45]} 2. Nc3 {[%clk 1:31:20]}  d5 {[%clk 1:29:37]} 3. Bf4 {[%clk 1:31:44]}  e6 {[%clk 1:29:50]} 4. Nb5 {[%clk 1:32:08]}  Na6 {[%clk 1:30:05]} 5. e3 {[%clk 1:32:31]}  Be7 {[%clk 1:27:36]} 6. Nf3 {[%clk 1:32:54]}  O-O {[%clk 1:27:54]} 7. h4 {[%clk 1:33:14]}  c5 {[%clk 1:27:21]} 8. h5 {[%clk 1:25:42]}  Bd7 {[%clk 1:26:22]} 9. a4 {[%clk 1:22:27]}  Ne4 {[%clk 1:23:01]} 10. c3 {[%clk 1:18:31]}  c4 {[%clk 1:16:04]} 11. Ne5 {[%clk 1:13:07]}  Nb8 {[%clk 0:48:01]} 12. h6 {[%clk 1:00:12]}  g6 {[%clk 0:43:22]} 13. Nc7 {[%clk 0:59:01]}  Qxc7 {[%clk 0:42:24]} 14. Nxg6 {[%clk 0:59:23]}  fxg6 {[%clk 0:42:49]} 15. Bxc7 {[%clk 0:53:37]}  Nxf2 {[%clk 0:43:04]} 16. Qc2 {[%clk 0:45:36]}  Nxh1 {[%clk 0:42:37]} 17. g3 {[%clk 0:43:14]}  Rf2 {[%clk 0:37:41]} 18. Be2 {[%clk 0:41:36]}  e5 {[%clk 0:33:22]} 19. Qd1 {[%clk 0:38:16]}  Na6 {[%clk 0:33:31]} 20. Bxe5 {[%clk 0:34:06]}  Raf8 {[%clk 0:32:33]} 21. Bf4 {[%clk 0:33:22]}  g5 {[%clk 0:30:48]} 22. Bg4 {[%clk 0:32:44]}  Nb4 {[%clk 0:30:57]} 23. Be2 {[%clk 0:18:40]}  gxf4 {[%clk 0:30:58]} 24. exf4 {[%clk 0:19:04]}  Bg4 {[%clk 0:30:17]} 0-1

[Event "45th FIDE Chess Olympiad Open"]
[Site "Budapest, Hungary"]
[Date "2024.09.20"]
[Round "9"]
[White "Asllani, Muhamet"]
[Black "Bandara, Dhanushka"]
[Result "1/2-1/2"]
[Board "216"]
[WhiteFideId "22100300"]
[BlackFideId "9908048"]
[WhiteElo "2191"]
[BlackElo "1903"]
[WhiteTeam "Kosovo"]
[BlackTeam "Sri Lanka"]
[WhiteClock "0:40:25"]
[BlackClock "0:04:33"]
[Variant "Standard"]

1. d4 {[%clk 1:30:12]}  Nf6 {[%clk 1:30:38]} 2. Nf3 {[%clk 1:30:28]}  e6 {[%clk 1:30:03]} 3. Bg5 {[%clk 1:30:50]}  d5 {[%clk 1:29:53]} 4. e3 {[%clk 1:31:12]}  Be7 {[%clk 1:30:09]} 5. Nbd2 {[%clk 1:31:33]}  O-O {[%clk 1:29:56]} 6. Bd3 {[%clk 1:31:47]}  c5 {[%clk 1:29:50]} 7. c3 {[%clk 1:32:09]}  Nbd7 {[%clk 1:29:55]} 8. O-O {[%clk 1:32:22]}  Qc7 {[%clk 1:29:53]} 9. Re1 {[%clk 1:32:35]}  b6 {[%clk 1:17:15]} 10. Rc1 {[%clk 1:26:54]}  Bb7 {[%clk 1:16:50]} 11. c4 {[%clk 1:26:30]}  Bd6 {[%clk 1:15:39]} 12. cxd5 {[%clk 1:23:42]}  exd5 {[%clk 1:15:32]} 13. e4 {[%clk 1:22:09]}  dxe4 {[%clk 1:15:18]} 14. Nxe4 {[%clk 1:22:35]}  Nxe4 {[%clk 1:10:04]} 15. Bxe4 {[%clk 1:22:58]}  Rfe8 {[%clk 1:08:25]} 16. Qd3 {[%clk 1:16:30]}  h6 {[%clk 1:01:25]} 17. Bxb7 {[%clk 1:08:23]}  Qxb7 {[%clk 1:01:20]} 18. dxc5 {[%clk 1:06:30]}  Bxc5 {[%clk 1:00:58]} 19. Bh4 {[%clk 1:06:02]}  Nf8 {[%clk 0:59:05]} 20. h3 {[%clk 1:01:09]}  Ng6 {[%clk 0:57:02]} 21. Bg3 {[%clk 1:01:29]}  Red8 {[%clk 0:55:50]} 22. Qf5 {[%clk 1:01:13]}  Qd7 {[%clk 0:51:31]} 23. Qe4 {[%clk 0:59:19]}  Qb5 {[%clk 0:44:57]} 24. b3 {[%clk 0:58:08]}  Qd3 {[%clk 0:40:31]} 25. b4 {[%clk 0:54:20]}  Bf8 {[%clk 0:39:53]} 26. Rc7 {[%clk 0:52:01]}  Qxe4 {[%clk 0:37:59]} 27. Rxe4 {[%clk 0:52:25]}  Rd1+ {[%clk 0:38:11]} 28. Kh2 {[%clk 0:52:45]}  Ra1 {[%clk 0:38:25]} 29. Rc2 {[%clk 0:52:37]}  Rd8 {[%clk 0:38:34]} 30. Bc7 {[%clk 0:45:42]}  Rc8 {[%clk 0:36:30]} 31. g3 {[%clk 0:45:24]}  Bd6 {[%clk 0:36:03]} 32. Rec4 {[%clk 0:45:40]}  Rxc7 {[%clk 0:35:57]} 33. Rxc7 {[%clk 0:46:06]}  Bxc7 {[%clk 0:36:19]} 34. Rxc7 {[%clk 0:46:35]}  Rxa2 {[%clk 0:36:37]} 35. Kg2 {[%clk 0:46:51]}  Rb2 {[%clk 0:31:52]} 36. h4 {[%clk 0:47:11]}  Rxb4 {[%clk 0:28:34]} 37. h5 {[%clk 0:47:31]}  Nf8 {[%clk 0:28:30]} 38. Rxa7 {[%clk 0:46:57]}  Rb5 {[%clk 0:27:15]} 39. g4 {[%clk 0:47:16]}  Ne6 {[%clk 0:26:47]} 40. Ra8+ {[%clk 0:44:08]}  Kh7 {[%clk 0:25:37]} 41. Ra7 {[%clk 0:43:05]}  f5 {[%clk 0:25:06]} 42. gxf5 {[%clk 0:36:14]}  Rxf5 {[%clk 0:25:01]} 43. Rb7 {[%clk 0:35:30]}  Nf4+ {[%clk 0:24:18]} 44. Kg1 {[%clk 0:35:35]}  Nxh5 {[%clk 0:23:56]} 45. Nd4 {[%clk 0:35:52]}  Rf6 {[%clk 0:23:28]} 46. Ne2 {[%clk 0:35:35]}  Kg6 {[%clk 0:19:41]} 47. Kg2 {[%clk 0:31:07]}  Kf5 {[%clk 0:19:29]} 48. Kf3 {[%clk 0:29:58]}  g5 {[%clk 0:19:24]} 49. Nc3 {[%clk 0:27:59]}  Ke5+ {[%clk 0:17:18]} 50. Ke3 {[%clk 0:27:38]}  Nf4 {[%clk 0:17:07]} 51. Nb5 {[%clk 0:25:44]}  Kd5 {[%clk 0:13:53]} 52. Rc7 {[%clk 0:26:02]}  Re6+ {[%clk 0:07:30]} 53. Kf3 {[%clk 0:26:16]}  Nd3 {[%clk 0:02:28]} 54. Nc3+ {[%clk 0:26:12]}  Kd6 {[%clk 0:02:05]} 55. Nb5+ {[%clk 0:26:32]}  Ke5 {[%clk 0:02:18]} 56. Ke3 {[%clk 0:26:22]}  Nf4 {[%clk 0:01:50]} 57. Rd7 {[%clk 0:24:37]}  Nd5+ {[%clk 0:00:42]} 58. Kf3 {[%clk 0:24:35]}  h5 {[%clk 0:27:29]} 59. Rg7 {[%clk 0:51:49]}  Kf6 {[%clk 0:26:44]} 60. Rd7 {[%clk 0:51:29]}  Ne7 {[%clk 0:24:07]} 61. Nd4 {[%clk 0:50:35]}  g4+ {[%clk 0:24:19]} 62. Kf4 {[%clk 0:50:40]}  Ng6+ {[%clk 0:23:25]} 63. Kg3 {[%clk 0:51:06]}  h4+ {[%clk 0:23:19]} 64. Kh2 {[%clk 0:50:51]}  Re4 {[%clk 0:21:28]} 65. Rd6+ {[%clk 0:50:33]}  Kf7 {[%clk 0:20:49]} 66. Nf5 {[%clk 0:47:47]}  Rf4 {[%clk 0:17:53]} 67. Nxh4 {[%clk 0:47:47]}  Nxh4 {[%clk 0:17:25]} 68. Rxb6 {[%clk 0:48:29]}  Nf5 {[%clk 0:15:41]} 69. Kg2 {[%clk 0:48:53]}  Ra4 {[%clk 0:14:07]} 70. Rc6 {[%clk 0:49:06]}  Ng7 {[%clk 0:13:06]} 71. f3 {[%clk 0:48:28]}  gxf3+ {[%clk 0:10:36]} 72. Kxf3 {[%clk 0:48:47]}  Ne6 {[%clk 0:10:57]} 73. Rb6 {[%clk 0:48:53]}  Kf6 {[%clk 0:10:54]} 74. Ke3 {[%clk 0:49:07]}  Ra5 {[%clk 0:10:10]} 75. Ke4 {[%clk 0:49:06]}  Re5+ {[%clk 0:10:28]} 76. Kd3 {[%clk 0:49:26]}  Kf5 {[%clk 0:10:18]} 77. Kc3 {[%clk 0:49:20]}  Rc5+ {[%clk 0:10:04]} 78. Kd2 {[%clk 0:49:14]}  Ke5 {[%clk 0:10:05]} 79. Rb8 {[%clk 0:49:33]}  Nf4 {[%clk 0:10:11]} 80. Re8+ {[%clk 0:49:52]}  Kd4 {[%clk 0:10:33]} 81. Rd8+ {[%clk 0:50:01]}  Nd5 {[%clk 0:10:55]} 82. Ke2 {[%clk 0:50:07]}  Rc3 {[%clk 0:11:04]} 83. Kd2 {[%clk 0:50:18]}  Rf3 {[%clk 0:11:21]} 84. Ke2 {[%clk 0:50:38]}  Rf5 {[%clk 0:11:44]} 85. Rd7 {[%clk 0:50:27]}  Re5+ {[%clk 0:10:38]} 86. Kf3 {[%clk 0:50:39]}  Re3+ {[%clk 0:11:02]} 87. Kf2 {[%clk 0:51:01]}  Ra3 {[%clk 0:10:53]} 88. Rd8 {[%clk 0:51:17]}  Rb3 {[%clk 0:11:17]} 89. Ke2 {[%clk 0:51:33]}  Re3+ {[%clk 0:08:53]} 90. Kf2 {[%clk 0:45:44]}  Re5 {[%clk 0:07:43]} 91. Rf8 {[%clk 0:44:09]}  Ke4 {[%clk 0:08:00]} 92. Ra8 {[%clk 0:43:58]}  Kd3 {[%clk 0:07:52]} 93. Ra3+ {[%clk 0:44:07]}  Nc3 {[%clk 0:08:14]} 94. Kf3 {[%clk 0:44:27]}  Rf5 {[%clk 0:07:57]} 95. Kg4 {[%clk 0:43:25]}  Rf8 {[%clk 0:08:21]} 96. Ra7 {[%clk 0:43:08]}  Kd4 {[%clk 0:08:19]} 97. Rd7+ {[%clk 0:42:46]}  Nd5 {[%clk 0:08:31]} 98. Ra7 {[%clk 0:42:52]}  Ke4 {[%clk 0:08:33]} 99. Ra4+ {[%clk 0:43:14]}  Ke5 {[%clk 0:08:50]} 100. Ra5 {[%clk 0:43:40]}  Rf1 {[%clk 0:08:44]} 101. Kg3 {[%clk 0:43:19]}  Rb1 {[%clk 0:07:05]} 102. Kg4 {[%clk 0:43:41]}  Rb3 {[%clk 0:07:23]} 103. Rc5 {[%clk 0:43:45]}  Ra3 {[%clk 0:06:55]} 104. Rb5 {[%clk 0:43:27]}  Ke4 {[%clk 0:07:08]} 105. Rb8 {[%clk 0:43:03]}  Nf6 {[%clk 0:06:42]} 106. Kg5 {[%clk 0:43:24]}  Ke5 {[%clk 0:06:50]} 107. Rb5+ {[%clk 0:43:02]}  Nd5 {[%clk 0:07:09]} 108. Kg4 {[%clk 0:42:38]}  Ke6 {[%clk 0:04:06]} 109. Rb1 {[%clk 0:41:03]}  Ra4+ {[%clk 0:04:02]} 110. Kf3 {[%clk 0:41:07]}  Kf5 {[%clk 0:04:28]} 111. Rb3 {[%clk 0:40:55]}  Rd4 {[%clk 0:04:30]} 112. Ra3 {[%clk 0:41:08]}  Rh4 {[%clk 0:04:40]} 113. Kg3 {[%clk 0:40:25]}  Rd4 {[%clk 0:04:33]} 1/2-1/2